000 00308nam a22001337a 4500
008 181010b xxu||||| |||| 00| 0 eng d
020 _a9780673991065
041 _aeng
080 _a316
100 _a50
101 _aSOC
245 _aResearch Methods in the Social Sciences
_cHerzog,Th
942 _2udc
_cBK
999 _c49275
_d49275